Bytový dom

Gespeichert in:
Bibliographische Detailangaben
1. Verfasser: Makkyová, Orsolya (Verfasst von)
Weitere Verfasser: Pavčeková, Monika (Betreuung Doktorarbeit)
Format: Manuskript Buch
Sprache:Slowakisch
Veröffentlicht: 2020
Schlagworte:
Online-Zugang:http://is.stuba.sk/zp/portal_zp.pl?podrobnosti=155633
https://opac.crzp.sk/?fn=detailBiblioForm&sid=F0D9EA643ED4040319EB1F1BE0B8
Tags: Tag hinzufügen
Keine Tags, Fügen Sie das erste Tag hinzu!

MARC

LEADER 00000ntm a22000003a 4500
001 stuzp78948
003 SK-STU
005 20230519123430.8
007 ta
008 150427s2015----xo-----f-mn---000-0-slo-d
040 |a STU  |b slo 
041 0 |a slo 
100 1 |a Makkyová, Orsolya  |u 010180  |4 aut  |U SvF Stavebná fakulta  |T SvF Katedra konštrukcií pozemných stavieb  |X 75771  |U V180  |Y 18  |7 75771 
242 0 1 |a Apartment House  |y eng 
245 1 0 |a Bytový dom 
260 |c 2020 
650 4 |a bytový dom  |2 slo 
650 4 |a polyfunkcia  |2 slo 
650 4 |a podzemné podlažie  |2 slo 
650 4 |a nadzemné podlažie  |2 slo 
650 4 |a zelená strecha  |2 slo 
650 4 |a apartment house  |2 eng 
650 4 |a ground floor  |2 eng 
650 4 |a green roof  |2 eng 
650 4 |a polyfunction  |2 eng 
650 4 |a lower ground  |2 eng 
700 1 |a Pavčeková, Monika  |u 010180  |k Z1  |4 ths  |U SvF Stavebná fakulta  |T SvF Katedra konštrukcií pozemných stavieb  |X 10271  |U V180  |Y 18  |7 A000010271 
856 4 |u http://is.stuba.sk/zp/portal_zp.pl?podrobnosti=155633 
856 4 |u https://opac.crzp.sk/?fn=detailBiblioForm&sid=F0D9EA643ED4040319EB1F1BE0B8